| 000 | 00955nam a22002297a 4500 | ||
|---|---|---|---|
| 999 |
_c473 _d473 |
||
| 001 | 001996 | ||
| 003 | CoMeUDC001996 | ||
| 005 | 20181217170854.0 | ||
| 008 | 050414s2005 ck fr 000 0 spa d | ||
| 020 | _a9588235006 | ||
| 040 |
_aCO-BoUEX _cCoMeUDC |
||
| 092 | 0 | 4 |
_a388 _bA662t |
| 100 | 1 | 0 | _aArango Ramírez, Natalia |
| 245 | 0 |
_aTratado jurídico sobre automotores y vías : _banálisis al código nacional de tránsito / _cNatalia Arango Ramírez. |
|
| 260 |
_aMedellín : _bBiblioteca Jurídica Dike, _c2005. |
||
| 300 | _a814 p. | ||
| 504 | _aIncluye bibliografía. | ||
| 505 | _aAproximaciones a la legislación de tránsito.- La administración pública de tránsito.- Los impuestos y contribuciones sobre automotores.- Los documentos de tránsito.- Los objetos de tránsito.-Sanciones y procedimientos de tránsito.- | ||
| 650 | 7 |
_aTRANSPORTE _xASPECTOS JURIDICOS _zCOLOMBIA |
|
| 650 | 7 |
_aTRANSPORTE _xLEGISLACION _zCOLOMBIA |
|
| 942 |
_2ddc _cBK |
||